mysqli: Table './ulib62015/stat_globaluid' is marked as crashed and should be repaired
select id from stat_globaluid where statuid='20260518003846_1902'
mysqli: Table './ulib62015/stat_globaluid' is marked as crashed and should be repaired
DELETE FROM stat_globaluid
WHERE id NOT IN (
SELECT id
FROM (
SELECT id
FROM stat_globaluid
ORDER BY id DESC
LIMIT 100
) foo
);
mysqli: Table './ulib62015/stat_globaluid' is marked as crashed and should be repaired
insert into stat_globaluid set
statuid='20260518003846_1902',
dt='1779039526',
phpself='/ULIB62015/dublinfull.php',
agent='Mozilla/5.0 AppleWebKit/537.36 (KHTML, like Gecko; compatible; ClaudeBot/1.0; +claudebot@anthropic.com)',
yea='2026',
mon='5',
dat='18',
ip='216.73.216.45'
mysqli: Table './ulib62015/stathist_viewbib_bib_type' is marked as crashed and should be repaired
insert into stathist_viewbib_bib_type set
dat='18' ,
mon='05' ,
yea='2026' ,
statuid='20260518003846_1902' ,
head='28636' ,
foot='marc' ,
dt='1779039526'
| LEADER : 01174nam 2200277 a 4500 |
| 008 030417s2004 caua sb 001 0 eng |
| 020 ^a974-94505-8-2 |
| 050 ^a385 |
| 060 ^aม571ร |
| 082 ^aT |
| 100 ^aมานิตย์ กริ่งรัมย์ |
| 245 ^aรวมเทคนิคการใช้งาน CoreIDREW 12+CD |
| 913 ^aImported by ULIBM Administrator |
| 949 ^aImport form external file by ULIBM system |
| คุณยังไม่ได้ล็อกอิน คุณสามารถมีกิจกรรมร่วมกับเว็บไซต์ได้ แต่ต้องล็อกอินก่อน :: |
|
|
|
| ไม่มีไอเทมให้บริการ |
| ไม่มีไอเทมให้บริการ |
รายการใกล้เคียง
ชื่อเรื่อง [รวมเทคนิคการใช้งาน CoreIDREW 12+CD]
ผู้แต่ง [มานิตย์ กริ่งรัมย์]
|
|
ยังไม่เคยถูกคอมเมนท์
|
| คอมเมนท์ทรัพยากรรายการนี้ |
|